Personnages de Fast and Furious 5 - Statistiques

Statistiques générales
  • Ce quiz a été pris 42 fois
  • Le résultat moyen est 8 sur 14
Statistiques - réponses
Hint Réponse % Correct
Libéré à la fin du 4e film, il réunit une équipe pour braquer le seigneur du crime de Rio. Dom
100%
Il se réfugie à Rio avec 3 après avoir libéré 1 à la fin de Fast & Furious 4 Brian
92%
Aide 1 à s'enfuir et rejoint 2 à Rio Mia
92%
Appelé par 2: "tchatcheur qui peut se sortir de n'importe quelle merde en t'embrouillant" Roman
92%
Appelé par 2: "bidouilleur électronique" Tej
89%
Appelé par 1: "caméléon qui se fond dans le décor" Han
86%
Appelé par 1: "de l'artillerie et du matériel, qui n'a pas peur des balles" Gisele
78%
Bras droit de 1 dans le 1er film, il accueille 2 et 3 dans les favelas de Rio Vince
61%
Agent de la DSS, il traque l'équipe de 1 est accusée d'avoir tué des agents de police dans le train Luke Hobbs
36%
Seigneur du crime de Rio, Hernan Reyes
31%
Policière de Rio, alliée à 10 pour appréhender l'équipe de 1 Elena Neves
25%
Apparaît dans la scène inter-générique où elle donne un dossier à 10 sur le détournement d'un convoi militaire russe, où on voit une photo de Letty, présumée morte dans le 4è film Monica
14%
Appelés par 1: "capables de cracker n'importe quel système" Tego et Rico
3%
Homme de main de 12 Fernando
0%
Aucun quiz correspondant
Distribution des résultats
% des personnes avec chaque résultat
Percentile par nombre de réponses
Votre historique - résultats
Vous n’avez pas pris ce quiz